Football teams Branislav Ivanović has played for - Statistics

General Stats
  • This quiz has been taken 43 times
    29 since last reset
  • The average score is 3 of 6
Answer Stats
Years Team % Correct
2008-2017 Chelsea
100%
2017-2020 Zenit Saint Petersburg
73%
2020-2021 West Bromwich Albion
62%
2006-2008 Lokomotiv Moscow
35%
2003-2006 OFK Belgrade
19%
2002-2003 Srem
12%
No matching quizzes found
Score Distribution
Percent of People with Each Score
Percentile by Number Answered
Your Score History
You have not taken this quiz since the last reset